Market survey for agricultural implements and machinery in Ghana (Record no. 22083)

MARC details
000 -LEADER
fixed length control field 00327nam a2200109Ia 4500
082 ## - DEWEY DECIMAL CLASSIFICATION NUMBER
Classification number 631.3
Item number IND
245 #0 - TITLE STATEMENT
Title Market survey for agricultural implements and machinery in Ghana
260 ## - PUBLICATION, DISTRIBUTION, ETC. (IMPRINT)
Place of publication Delhi
Name of publisher Manager of Publications
Year of publication 1970
650 ## - SUBJECT ADDED ENTRY--TOPICAL TERM
Topical Term Agricultural machinery
942 ## - ADDED ENTRY ELEMENTS (KOHA)
Koha item type Books
Holdings
Withdrawn status Lost status Damaged status Not for loan Home library Current library Date acquired Source of acquisition Full call number Accession Number Koha item type
        RRII Library RRII Library 16/12/2021 Auction 631.3 IND 02798 Books